00423nam a2200085Ia 4500008004100000245015300041260000900194300011200203650002200315180130s9999 xx 000 0 und d cShinn, Mark R.aIdentifying and validating academic problems in a multi-tiered system of services and supports model in a time of shifting paradigms c2013 aBook title: Assessment for intervention : a problem-solving approach--Acession number C17203; pages 199-228 aSCHOOL PSYCHOLOGY